000
00326nam a2200133Ia 4500
008
191201s2001 xx 000 0 und d
082
_a
677
_b
TET
100
_a
TELI, M D
245
0
_a
Textile at the Dawn of 21st Century
260
_a
N.Delhi
_b
Mahajan Brother
_c
2001
300
_a
91
650
_a
B.Tech(TE)
942
_2
ddc
_c
BK
999
_c
2280
_d
2280